| 000 | 01467namaa2200325 i 4500 | ||
|---|---|---|---|
| 003 | EG-GICUC | ||
| 005 | 20260701112223.0 | ||
| 008 | 260701s1973 iq ||||gr|||| 0|0 p ara d | ||
| 017 |
_a1973 / 130 _bالمكتبة الوطنية(بغداد) |
||
| 040 |
_aEG-GiCUC _bara _cEG-GiCUC _dEG-GiCUC _erda |
||
| 082 | 0 | 4 |
_221 _a811.9 _bJ618 |
| 092 | 0 | 4 |
_221 _a811.9 _bJ618 |
| 099 | _a811.9 J618 | ||
| 100 | 1 |
_aبن جني، أبو الفتح عثمان، _d-1002 _eمؤلف. |
|
| 245 | 1 | 2 |
_aالفتح الوهبي على مشكلات المتنبي / _cتأليف أبي الفتح عثمان بن جني ؛ تحقيق محسن غياض. |
| 264 |
_aبغداد : _bمديرية الثقافة العامة، _c1973. |
||
| 300 |
_a203 ؛ صفحة _c24 سم |
||
| 336 |
_2rdacontent _atext |
||
| 337 |
_2rdamedia _aUnmediated |
||
| 338 |
_2rdacarrier _avolume |
||
| 490 |
_aسلسلة كتب التراث ؛ _vالعدد 21 |
||
| 504 | _a198-197 ببليوجرافيا: صفحات. | ||
| 541 |
_aد. جابر عصفور ؛ _bالقاهرة ؛ _cإهداء ؛ _d2024. |
||
| 600 | 1 | 0 |
_aالمتنبى، ابو الطيب احمد بن الحسين، _qأبو الطيب أحمد بن الحسين بن الحسن عبد الصمد الكندي الكوفي، _d915 965- 916او _93502 |
| 650 | 1 |
_aالشعر العربي _xتاريخ ونقد _2qrmak |
|
| 651 | 1 | _2qrmak | |
| 700 | 1 |
_aغياض، محسن _910869 _eمحقق. |
|
| 905 | _aAsmaa | ||
| 942 |
_2ddc _cBK _e21 _n0 |
||
| 999 |
_c180667 _d180667 |
||